Larga historia de "La vida breve" (Record no. 63269)

MARC details
000 -LEADER
campo de control de longitud fija 00792nam a2200217 i 4500
001 - NÚMERO DE CONTROL
campo de control 63269
003 - IDENTIFICADOR DE NÚMERO DE CONTROL
campo de control ES-MaACL
005 - FECHA Y HORA DE LA ÚLTIMA TRANSACCIÓN
campo de control 20230906164822.0
007 - CAMPO FIJO DE DESCRIPCIÓN FÍSICA--INFORMACIÓN GENERAL
campo de control de longitud fija t|
008 - DATOS DE LONGITUD FIJA--INFORMACIÓN GENERAL
campo de control de longitud fija 031205s1972 sp ||||1| spa d
100 1# - ENTRADA PRINCIPAL--NOMBRE DE PERSONA
Nombre de persona Fernández-Shaw, Guillermo,
Fechas asociadas al nombre 1893-1965
9 (RLIN) 50102
245 10 - MENCIÓN DEL TÍTULO
Título Larga historia de "La vida breve"
Resto del título : con un epistolario inédito de Manuel de Falla y el texto completo de la ópera /
Mención de responsabilidad, etc. Guillermo Fernández-Shaw.
260 ## - PUBLICACIÓN, DISTRIBUCIÓN, ETC.
Lugar de publicación, distribución, etc. Madrid :
Nombre del editor, distribuidor, etc. Revista de Occidente,
Fecha de publicación, distribución, etc. [1972]
300 ## - DESCRIPCIÓN FÍSICA
Extensión 214 p. ;
Dimensiones 18 cm.
600 14 - PUNTO DE ACCESO ADICIONAL DE MATERIA--NOMBRE DE PERSONA
Nombre de persona Falla, Manuel de,
Fechas asociadas al nombre 1876-1946-
Subdivisión de forma Correspondencia
9 (RLIN) 48757
700 1# - ENTRADA AGREGADA--NOMBRE PERSONAL
Nombre de persona Falla, Manuel de,
Fechas asociadas al nombre 1876-1946
9 (RLIN) 48756
700 1# - ENTRADA AGREGADA--NOMBRE PERSONAL
Nombre de persona Fernández-Shaw, Carlos,
Fechas asociadas al nombre 1865-1911
9 (RLIN) 50098
740 32 - ENTRADA AGREGADA--TÍTULO RELACIONADO/ANALÍTICO NO CONTROLADO
Título relacionado o analítico no controlado La vida breve.
852 ## - LOCALIZACIÓN
Ubicación ES-MaACL
Número de control de estantería C-43632
Holdings
Estatus retirado Estado de pérdida Estado de daño No para préstamo Biblioteca de origen Biblioteca actual Ubicación en estantería Fecha de adquisición Fuente de adquisición Total de préstamos Signatura topográfica completa Código de barras Visto por última vez Precio de reemplazo Tipo de ítem Koha
        Biblioteca del Ateneo de Madrid Biblioteca del Ateneo de Madrid Depósito 2 17/01/2008     C-43632 1066320 23/02/2023 23/02/2023 Libro impreso